Tennis - Top 100 ATP - Statistiques

Statistiques générales
  • Ce quiz a été pris 81 fois
    5 depuis la dernière actualisation
  • Le résultat moyen est 78 sur 100
Statistiques - réponses
Classement Nationalité Nom % Correct
70 Paraguay Adolfo Vallejo
100%
23 Espagne Alejandro Davidovich-Fokina
100%
35 Chili Alejandro Tabilo
100%
10 Kazakhstan Alexander Bublik
100%
3 Allemagne Alexander Zverev
100%
9 Australie Alex De Minaur
100%
13 Russie Andrey Rublev
100%
19 France Arthur Fils
100%
24 France Arthur Rinderknech
100%
6 Etats-Unis Ben Shelton
100%
22 Royaume-Uni Cameron Norrie
100%
2 Espagne Carlos Alcaraz
100%
17 Norvège Casper Ruud
100%
32 France Corentin Moutet
100%
87 Bosnie-Herzégovine Damir Dzumhur
100%
7 Russie Daniil Medvedev
100%
5 Canada Félix Auger-Aliassime
100%
12 Italie Flavio Cobolli
100%
21 Etats-Unis Frances Tiafoe
100%
27 Argentine Francisco Cerundolo
100%
43 Danemark Holger Rune
100%
57 Pérou Ignacio Buse
100%
74 Royaume-Uni Jack Draper
100%
28 Tchéquie Jakub Mensik
100%
1 Italie Jannik Sinner
100%
14 Tchéquie Jiri Lehecka
100%
30 Brésil Joao Fonseca
100%
54 Argentine Juan-ManuelCerundolo
100%
11 Italie Lorenzo Musetti
100%
45 Croatie Marin Cilic
100%
4 Serbie Novak Djokovic
100%
90 Espagne Pablo Carreño Busta
100%
29 Espagne Rafael Jódar
100%
82 Grèce Stefanos Tsitsipas
100%
31 Pays-Bas Tallon Griekspoor
100%
8 Etats-Unis Taylor Fritz
100%
51 France Térence Atmane
100%
25 Argentine Tomás Etcheverry
100%
40 Tchéquie Tomas Machac
100%
34 France Ugo Humbert
100%
73 France Valentin Royer
100%
18 Monaco Valentin Vacherot
100%
93 Chine Yibing Wu
100%
85 Etats-Unis Zachary Svajda
100%
38 Belgique Zizou Bergs
100%
44 France Adrian Mannarino
67%
94 Etats-Unis AleksandarKovacevic
67%
36 Belgique Alexander Blockx
67%
89 Kazakhstan AlexanderShevchenko
67%
61 Australie Alexei Popyrin
67%
41 Etats-Unis Alex Michelsen
67%
76 France Arthur Cazaux
67%
98 France Benjamin Bonzi
67%
53 Pays-Bas Botic Van DeZandschulp
67%
33 Etats-Unis Brandon Nakashima
67%
68 Argentine Camilo UgoCarabelli
67%
65 Allemagne Daniel Altmaier
67%
37 Canada Denis Shapovalov
67%
71 Croatie Dino Prizmic
67%
92 Etats-Unis Eliot Spizzirri
67%
97 Etats-Unis Emilio Nava
67%
49 Etats-Unis Ethan Quinn
67%
52 Hongrie Fabian Marozsan
67%
48 Canada Gabriel Diallo
67%
80 France Giovanni Mpetshi Perricard
67%
56 Serbie Hamad Medjedovic
67%
78 Pologne Hubert Hurkacz
67%
79 Allemagne Jan-Lennard Struff
67%
39 Espagne Jaume Munar
67%
77 Pologne Kamil Majchrzak
67%
15 Russie Karen Khachanov
67%
20 Etats-Unis Learner Tien
67%
69 Italie Lorenzo Sonego
67%
16 Italie Luciano Darderi
67%
42 Argentine Mariano Navone
67%
67 Espagne Martin Landaluce
67%
59 Hongrie Marton Fucsovics
67%
96 Italie Matteo Arnaldi
67%
47 Serbie Miomir Kecmanovic
67%
50 Portugal Nuno Borges
67%
88 France Quentin Halys
67%
64 Belgique Raphaël Collignon
67%
75 Etats-Unis Reilly Opelka
67%
66 Argentine Román Burruchaga
67%
62 Argentine Sebastian Báez
67%
91 Autriche Sebastian Ofner
67%
58 Argentine Thiago Tirante
67%
26 Etats-Unis Tommy Paul
67%
63 Tchéquie Vít Kopriva
67%
55 Allemagne Yannick Hanfmann
67%
100 Australie Aleksandar Vukic
33%
86 Espagne Daniel Merida
33%
83 Australie James Duckworth
33%
60 Etats-Unis Jenson Brooksby
33%
84 Etats-Unis Marcos Giron
33%
81 Argentine Marco Trungelliti
33%
72 Italie Mattia Bellucci
33%
95 Etats-Unis Patrick Kypson
33%
99 Espagne RobertoBautista Agut
33%
46 Etats-Unis Sebastian Korda
33%
Aucun quiz correspondant
Distribution des résultats
% des personnes avec chaque résultat
Percentile par nombre de réponses
Votre historique - résultats
Vous n’avez pas pris ce quiz depuis la dernière actualisation